Medal Table Summer Olympics - Artistic Gymnastics - Statistics

General Stats
  • This quiz has been taken 47 times
    13 since last reset
  • The average score is 40 of 48
Answer Stats
Gold Silver Bronze Total Countries % Correct
3 5 2 10 Brazil
100%
31 26 21 78 China
100%
3 10 9 22 France
100%
3 3 12 18 Great Britain
100%
15 11 14 40 Hungary
100%
15 7 10 32 Italy
100%
36 34 37 107 Japan
100%
1 1 2 4 Poland
100%
25 20 27 72 Romania
100%
10 15 19 44 Russia
100%
2 2 4 8 Russian Olympic Committee
100%
2 4 5 11 South Korea
100%
72 67 43 182 Soviet Union
100%
2 2 1 5 Spain
100%
5 2 1 8 Sweden
100%
5 4 4 13 Ukraine
100%
40 44 42 126 United States
100%
1 2 1 4 Denmark
92%
8 5 12 25 Finland
92%
5 3 4 12 Greece
92%
1 2 1 4 Norway
92%
0 0 1 1 Turkey
92%
1 1 1 3 United Team of Germany
92%
1 1 1 3 Belgium
83%
2 2 6 10 Bulgaria
83%
1 0 0 1 Canada
83%
0 2 0 2 Croatia
83%
6 13 17 36 East Germany
83%
13 12 13 38 Germany
83%
0 1 0 1 Kazakhstan
83%
3 0 0 3 Netherlands
83%
0 0 4 4 Belarus
75%
12 13 10 35 Czechoslovakia
75%
1 0 0 1 Ireland
75%
1 1 0 2 Latvia
75%
3 0 0 3 North Korea
75%
16 19 14 49 Switzerland
75%
0 0 1 1 West Germany
75%
5 2 4 11 Yugoslavia
75%
1 1 0 2 Austria
67%
1 1 0 2 Israel
67%
0 0 1 1 Uzbekistan
67%
1 0 0 1 Algeria
58%
0 1 1 2 Armenia
50%
0 1 0 1 Colombia
50%
0 1 1 2 Chinese Taipei
42%
9 5 4 18 Unified Team
33%
1 0 0 1 Mixed Team
0%
No matching quizzes found
Score Distribution
Percent of People with Each Score
Percentile by Number Answered
Your Score History
You have not taken this quiz since the last reset